[Event "North American Open"]
[Site "Las Vegas"]
[Date "2012.12.30"]
[Round "9.3"]
[White "Hammer, Jon Ludvig"]
[Black "Bryant, John"]
[Result "0-1"]
[WhiteElo "2633"]
[BlackElo "2332"]
[PlyCount "106"]
[EventDate "2012.12.??"]
[EventType "swiss"]
[EventRounds "9"]
[EventCountry "USA"]
[Source "MonRoi"]

1. d4 Nf6 2. c4 c5 3. d5 e6 4. Nc3 exd5 5. cxd5 d6 6. Nf3 g6 7. Bf4 a6 8. a4
Bg7 9. h3 O-O 10. e3 Qe7 11. Be2 Nbd7 12. O-O b6 13. Qb3 Rb8 14. Rfe1 Ne8 15.
Bh2 f5 16. Nd2 Ne5 17. f4 Nf7 18. Bd3 Nf6 19. Qc2 Qb7 20. Nf3 b5 21. axb5 axb5
22. Nxb5 Nxd5 23. Bf1 Qb6 24. Qd2 Nf6 25. Ng5 d5 26. Rec1 c4 27. Nc3 Rd8 28.
Na4 Qb4 29. Qxb4 Rxb4 30. Nc5 Re8 31. Ra8 Bf8 32. Nd3 cxd3 33. Rcxc8 Rxc8 34.
Rxc8 d2 35. Be2 Rxb2 36. Ne6 Nd7 37. Bg3 Rb6 38. Nxf8 Nxf8 39. Bh4 Kg7 40. Be7
Ne6 41. Kf2 Rb7 42. Re8 Rb1 43. g4 h6 44. Ba3 Nc7 45. Rc8 Nb5 46. Bf8+ Kh7 47.
Rc5 fxg4 48. Bxg4 h5 49. Bf3 d4 50. h4 Nc3 51. Rc7 dxe3+ 52. Kxe3 d1=Q 53. Bxd1
Nd5+ 0-1

[Event "North American Open"]
[Site "Las Vegas"]
[Date "2012.12.30"]
[Round "9.4"]
[White "Molner, Mackenzie"]
[Black "Ramirez, Alejandro"]
[Result "0-1"]
[WhiteElo "2479"]
[BlackElo "2554"]
[PlyCount "78"]
[EventDate "2012.12.??"]
[EventType "swiss"]
[EventRounds "9"]
[EventCountry "USA"]
[Source "MonRoi"]

1. e4 c5 2. Nf3 e6 3. d4 cxd4 4. Nxd4 a6 5. Bd3 Nf6 6. O-O d6 7. c4 b6 8. Nc3
Bb7 9. f4 g6 10. Qe2 Bg7 11. f5 Qe7 12. Bg5 Nbd7 13. Rad1 h6 14. Bh4 Ne5 15.
fxe6 fxe6 16. Nf3 O-O 17. Nxe5 dxe5 18. Bf2 Qc7 19. Na4 Nd7 20. c5 bxc5 21. Bc4
Rfe8 22. Qd3 Rad8 23. Qd6 Qc6 24. Qxc6 Bxc6 25. Nxc5 Nxc5 26. Bxc5 Bxe4 27.
Bxe6+ Kh7 28. Bd7 Rg8 29. Be7 Rb8 30. b4 Rb7 31. a3 Bc2 32. Rd6 e4 33. Bf6 Bd3
34. Rf4 Rf8 35. Bh3 Rc7 36. g3 Rxf6 37. Rfxf6 Bxf6 38. Rxf6 e3 39. Be6 Kg7 0-1

[Event "North American Open"]
[Site "Las Vegas"]
[Date "2012.12.30"]
[Round "9.6"]
[White "Amanov, Zhanibek"]
[Black "Kekelidze, Mikheil"]
[Result "1-0"]
[WhiteElo "2359"]
[BlackElo "2491"]
[PlyCount "69"]
[EventDate "2012.12.??"]
[EventType "swiss"]
[EventRounds "9"]
[EventCountry "USA"]
[Source "MonRoi"]

1. c4 b6 2. Nc3 Bb7 3. e4 e6 4. Nf3 Bb4 5. Bd3 Ne7 6. Ne2 f5 7. Ng3 f4 8. Ne2
Ng6 9. a3 Be7 10. Bc2 e5 11. d4 d6 12. b4 c5 13. dxe5 dxe5 14. Qxd8+ Kxd8 15.
b5 Nd7 16. Bb2 Bf6 17. Nc3 Re8 18. O-O Ngf8 19. a4 Ne6 20. a5 Nd4 21. Bd1 Nf8
22. Nd2 Kc7 23. Re1 Nd7 24. Nd5+ Bxd5 25. exd5 a6 26. axb6+ Kxb6 27. bxa6 Rxa6
28. Rxa6+ Kxa6 29. Ba4 Rd8 30. Ne4 Nb6 31. Nxc5+ Ka7 32. Bxd4 exd4 33. Bb5 Nxd5
34. Ra1+ Kb6 35. Na4+ 1-0

[Event "North American Open"]
[Site "Las Vegas"]
[Date "2012.12.30"]
[Round "9.7"]
[White "Erenburg, Sergey"]
[Black "Kunche, Nikhilesh"]
[Result "1-0"]
[WhiteElo "2637"]
[BlackElo "2217"]
[PlyCount "119"]
[EventDate "2012.12.??"]
[EventType "swiss"]
[EventRounds "9"]
[EventCountry "USA"]
[Source "MonRoi"]

1. e4 c5 2. Nf3 Nc6 3. d4 cxd4 4. Nxd4 Nf6 5. Nc3 d6 6. Bg5 e6 7. Qd2 a6 8.
O-O-O Bd7 9. f3 Be7 10. h4 Qa5 11. Be3 h5 12. Kb1 b5 13. Nb3 Qc7 14. Bxb5 axb5
15. Nxb5 Qb8 16. Nxd6+ Bxd6 17. Qxd6 Qxd6 18. Rxd6 Ne5 19. Nd2 Rc8 20. Rd1 Rc6
21. Rd4 Ke7 22. Bg5 Rhc8 23. c4 Be8 24. b3 Ra6 25. Nf1 Kf8 26. Ng3 Rca8 27.
R4d2 Ra5 28. Be3 Ng6 29. Bb6 R5a6 30. Bc5+ Kg8 31. Be3 Ra5 32. Rh1 Nd7 33. Ne2
f5 34. Nc3 Nf6 35. exf5 exf5 36. Bg5 R5a6 37. Re1 Bf7 38. Nb5 Ne8 39. Nd4 Nf8
40. Ka1 g6 41. Nb5 Ne6 42. Be7 N6c7 43. Nd4 Ng7 44. Bb4 Nge6 45. Nxe6 Nxe6 46.
Kb1 Rb8 47. Bd6 Rd8 48. Red1 Be8 49. Be5 Rxd2 50. Rxd2 Kf7 51. Kb2 g5 52. hxg5
Nxg5 53. b4 Ne6 54. Bd6 Ra8 55. b5 Rc8 56. Kb3 Nc5+ 57. Bxc5 Rxc5 58. a4 Ke7
59. Kb4 Rc8 60. a5 1-0

[Event "North American Open"]
[Site "Las Vegas"]
[Date "2012.12.30"]
[Round "9.8"]
[White "Bodek, Michael"]
[Black "Gelashvili, Tamaz"]
[Result "1/2-1/2"]
[WhiteElo "2316"]
[BlackElo "2566"]
[PlyCount "52"]
[EventDate "2012.12.??"]
[EventType "swiss"]
[EventRounds "9"]
[EventCountry "USA"]
[Source "MonRoi"]

1. e4 Nc6 2. d4 e5 3. dxe5 Nxe5 4. Nf3 Bb4+ 5. c3 Nxf3+ 6. Qxf3 Bc5 7. Bc4 Qf6
8. Nd2 d6 9. O-O Qxf3 10. Nxf3 Bg4 11. Nd4 Nf6 12. h3 Bd7 13. Bf4 O-O-O 14.
Rfe1 Rhf8 15. e5 dxe5 16. Bxe5 Ne8 17. Nb3 Bb6 18. Rad1 Bf5 19. Rxd8+ Kxd8 20.
Rd1+ Kc8 21. Nd4 Bd7 22. Kf1 a6 23. Re1 Kd8 24. Rd1 Kc8 25. Re1 Kd8 26. Rd1 Kc8
1/2-1/2

[Event "North American Open"]
[Site "Las Vegas"]
[Date "2012.12.30"]
[Round "9.10"]
[White "Liou, Yian"]
[Black "Yankovsky, Roman"]
[Result "1-0"]
[WhiteElo "2352"]
[BlackElo "2474"]
[PlyCount "77"]
[EventDate "2012.12.??"]
[EventType "swiss"]
[EventRounds "9"]
[EventCountry "USA"]
[Source "MonRoi"]

1. e4 c5 2. Nf3 d6 3. d4 cxd4 4. Nxd4 a6 5. Nc3 Nf6 6. Be2 e5 7. Nb3 Be7 8. Bg5
Nbd7 9. a4 b6 10. Nd2 Bb7 11. Bc4 h6 12. Bh4 Qc8 13. O-O Qc5 14. Qe2 g5 15. Bg3
h5 16. Nb3 Qc8 17. h4 Rg8 18. hxg5 Rxg5 19. Bh2 Nc5 20. f4 Rg4 21. Bd5 Nfxe4
22. Bxb7 Qxb7 23. Nxc5 Nxc5 24. fxe5 O-O-O 25. Rf4 Rxf4 26. Bxf4 Ne6 27. Bh2 d5
28. Qxh5 d4 29. Qxf7 Ng5 30. Qf5+ Kb8 31. Ne2 Rg8 32. Ng3 d3 33. cxd3 Rf8 34.
Qg4 Qd5 35. Rd1 Rh8 36. Nf5 Bc5+ 37. d4 Rg8 38. e6+ Ka7 39. Kh1 1-0

[Event "North American Open"]
[Site "Las Vegas"]
[Date "2012.12.30"]
[Round "9.12"]
[White "Santarius, Erik"]
[Black "Cernousek, Lukas"]
[Result "0-1"]
[WhiteElo "2303"]
[BlackElo "2450"]
[PlyCount "112"]
[EventDate "2012.12.??"]
[EventType "swiss"]
[EventRounds "9"]
[EventCountry "USA"]
[Source "MonRoi"]

1. e4 c5 2. Nf3 d6 3. Bb5+ Nd7 4. c3 Ngf6 5. Qe2 a6 6. Ba4 Qc7 7. O-O e5 8. Bb3
Be7 9. a4 b6 10. d3 O-O 11. Nh4 Re8 12. Nf5 Bf8 13. Bg5 h6 14. Bh4 g6 15. Ne3
Bg7 16. Qf3 Bb7 17. Nd2 Rf8 18. g4 Rae8 19. Kh1 Kh8 20. Rg1 Ng8 21. Rg3 Ndf6
22. Rag1 Bc8 23. Bxf6 Nxf6 24. Rh3 Nh7 25. Nd5 Qd8 26. Qe3 Be6 27. f4 exf4 28.
Qxf4 b5 29. axb5 axb5 30. Re3 Nf6 31. Nxf6 Qxf6 32. Qxf6 Bxf6 33. Bxe6 fxe6 34.
Nf3 Bg7 35. e5 d5 36. b4 cxb4 37. cxb4 Rf4 38. d4 Bf8 39. h3 Rc8 40. Ra1 Bxb4
41. Ra6 Rc2 42. Rxe6 Re4 43. Re8+ Kg7 44. Rb3 Rf4 45. e6 Bd6 46. Rd8 Be7 47.
Rxd5 b4 48. Rd7 Kf6 49. d5 Rc3 50. g5+ hxg5 51. Rxc3 bxc3 52. Nh2 Rc4 53. Ng4+
Kf5 54. Rxe7 Ke4 55. Rc7 Rxc7 56. d6 c2 0-1

[Event "North American Open"]
[Site "Las Vegas"]
[Date "2012.12.30"]
[Round "9.15"]
[White "Black, James"]
[Black "Cheng, Bindi"]
[Result "0-1"]
[WhiteElo "2163"]
[BlackElo "2397"]
[PlyCount "78"]
[EventDate "2012.12.??"]
[EventType "swiss"]
[EventRounds "9"]
[EventCountry "USA"]
[Source "MonRoi"]

1. d4 Nf6 2. c4 g6 3. Nc3 d5 4. Bg5 Ne4 5. Bh4 c5 6. cxd5 Nxc3 7. bxc3 Qxd5 8.
e3 Bg7 9. Qf3 Qd6 10. Bc4 O-O 11. Ne2 cxd4 12. exd4 Nc6 13. O-O Bd7 14. Rad1
Rac8 15. Bb3 Na5 16. Ng3 Qa3 17. Rb1 Bc6 18. Qe2 e6 19. Rfd1 Qd6 20. Nf1 Qf4
21. Bg3 Qe4 22. Ne3 Nxb3 23. f3 Bb5 24. Qxb5 Qxe3+ 25. Bf2 Qxc3 26. Rxb3 Qc2
27. Re1 b6 28. Ra3 Qd2 29. Qd3 Qxd3 30. Rxd3 Rc2 31. a3 Rd8 32. f4 Rd5 33. Rb1
Kf8 34. Kf1 Rf5 35. Rf3 Bh6 36. g3 g5 37. Rbb3 gxf4 38. gxf4 Rxf4 39. Rxf4 Bxf4
0-1

[Event "North American Open"]
[Site "Las Vegas"]
[Date "2012.12.30"]
[Round "9.16"]
[White "Troff, Kayden"]
[Black "Aripov, Iskandar"]
[Result "1-0"]
[WhiteElo "2365"]
[BlackElo "2165"]
[PlyCount "81"]
[EventDate "2012.12.??"]
[EventType "swiss"]
[EventRounds "9"]
[EventCountry "USA"]
[Source "MonRoi"]

1. d4 Nf6 2. c4 c5 3. d5 b5 4. cxb5 a6 5. f3 axb5 6. e4 Qa5+ 7. Bd2 b4 8. Na3
Ba6 9. Nc4 Qc7 10. a3 Bxc4 11. Bxc4 bxa3 12. bxa3 g6 13. Bc3 d6 14. Ne2 Bg7 15.
Bb5+ Nbd7 16. Qd3 O-O 17. O-O Rfb8 18. a4 Ne8 19. Rfb1 Ra7 20. f4 Bf6 21. Bc6
Qc8 22. Qh3 Qd8 23. a5 Bxc3 24. Nxc3 Rxb1+ 25. Rxb1 Nb8 26. Ra1 Nxc6 27. dxc6
Rxa5 28. Rb1 e6 29. f5 Nc7 30. Rb7 Ra6 31. fxe6 Qf6 32. exf7+ Kg7 33. f8=Q+
Kxf8 34. Rb1 Qd4+ 35. Kh1 Rxc6 36. Qc8+ Ke7 37. Rf1 Qg7 38. Nd5+ Nxd5 39. Qxc6
Nf6 40. Rb1 Qh6 41. e5 1-0

[Event "North American Open"]
[Site "Las Vegas"]
[Date "2012.12.30"]
[Round "9.18"]
[White "Hua, David"]
[Black "Viswanadha, Kesav"]
[Result "1-0"]
[WhiteElo "2254"]
[BlackElo "2130"]
[PlyCount "87"]
[EventDate "2012.12.??"]
[EventType "swiss"]
[EventRounds "9"]
[EventCountry "USA"]
[Source "MonRoi"]

1. e4 c5 2. Nf3 d6 3. d4 cxd4 4. Nxd4 Nf6 5. f3 e5 6. Nb3 a5 7. Be3 Be6 8. c4
a4 9. N3d2 Qa5 10. Nc3 a3 11. Qb3 axb2 12. Qxb2 Nbd7 13. Nd5 Bxd5 14. cxd5 Be7
15. Be2 O-O 16. O-O Qa3 17. Qxa3 Rxa3 18. Nc4 Ra4 19. Rfb1 Rfa8 20. a3 Rb8 21.
Rb5 h6 22. Rab1 Rc8 23. Rxb7 Rcxc4 24. Bxc4 Rxc4 25. Ra7 Kh7 26. a4 Rc3 27. Bf2
Bd8 28. Ra8 Bc7 29. Rc8 Nb6 30. Rxc7 Rxc7 31. Bxb6 Rb7 32. a5 Nd7 33. Rc1 Nxb6
34. Rb1 Ra7 35. axb6 Rb7 36. Kf2 Kg6 37. Ke3 Kf6 38. Kd3 Ke7 39. Kc4 Kd7 40.
Kb5 Rb8 41. Ra1 g6 42. Ra7+ Ke8 43. b7 Kd7 44. Kb6 1-0

[Event "North American Open"]
[Site "Las Vegas"]
[Date "2012.12.30"]
[Round "9.22"]
[White "He, Tommy"]
[Black "Colas, Joshua"]
[Result "0-1"]
[WhiteElo "2030"]
[BlackElo "2204"]
[PlyCount "70"]
[EventDate "2012.12.??"]
[EventType "swiss"]
[EventRounds "9"]
[EventCountry "USA"]
[Source "MonRoi"]

1. e4 c5 2. Nf3 e6 3. d4 cxd4 4. Nxd4 a6 5. Nc3 b5 6. Bd3 Qb6 7. Nb3 Qc7 8. O-O
Nc6 9. f4 d6 10. Be3 Nf6 11. Qf3 Bb7 12. a4 b4 13. Ne2 Be7 14. a5 h5 15. Rfc1
Qd7 16. h3 e5 17. c3 exf4 18. Bxf4 Rg8 19. Rd1 g5 20. Bxa6 Bxa6 21. Bxd6 Bxe2
22. Qxe2 Bxd6 23. cxb4 Qe6 24. Qb5 Kf8 25. Nc5 Bxc5+ 26. Qxc5+ Ne7 27. e5 Ne4
28. Qd4 Ng3 29. Kh2 h4 30. b5 Kg7 31. Qd6 Rgb8 32. Qxe6 fxe6 33. Rd7 Kf7 34. b6
Rxb6 35. axb6 Rxa1 0-1